000 00370nam a22001697a 4500
003 OSt
005 20211007141813.0
008 211007b |||||||| |||| 00| 0 eng d
040 _cHU
082 _a155.4/THO
100 _aGEORGE G. THOMPSON
_911300
245 _aCHILD PSYCHOLOGY
250 _a2ND
260 _aUSA
_c1981
300 _a712P
942 _2ddc
_cBOOKS
_n0
999 _c10433
_d10433